| 000 | 00652nam a2200205 a 4500 | ||
|---|---|---|---|
| 001 | 000030151 | ||
| 003 | OSt | ||
| 005 | 20201026132009.0 | ||
| 008 | 110503s1972 dr 000 0 spa d | ||
| 040 |
_aDO-SdBNP _bspa _cBNPHU |
||
| 082 |
_axxx _bC112i |
||
| 100 | 1 |
_aCabral Mejía, Tobias _956862 |
|
| 245 | 1 | 0 |
_aÍndice de Clio y del Boletín del Archivo Genaral de la Nación / _cTobias Cabral Mejía. |
| 260 |
_aSanto Domingo : _bEditora del Caribe, _c1972. |
||
| 300 |
_a288 p. ; _c23 cm. |
||
| 490 |
_aAcademia Dominicana de la Historia _vVol. XXXII |
||
| 590 | _aInventariado, 2020 / DG | ||
| 910 | _aInventariado, 2020 / DG | ||
| 942 |
_2ddc _cLBS1 |
||
| 999 |
_c29643 _d29643 |
||